|
|
|
|
| LEADER |
00000nab a2200000 a 4500 |
| 001 |
vtls000707174 |
| 003 |
SK-MaSNL |
| 005 |
20260305020125.0 |
| 008 |
141006c1999 xo 0 slo |
| 015 |
|
|
|a SNBRB1999/10-25947
|
| 035 |
|
|
|a CLN000059341
|
| 040 |
|
|
|a SNKBUCL
|b slo
|c SNKBUCL
|e AACR2
|
| 041 |
0 |
|
|a slo
|
| 044 |
|
|
|a xo
|c SK
|
| 080 |
|
|
|a 631.33
|2 1997
|
| 100 |
1 |
|
|a Ďuďák, Jozef,
|d 1958-
|4 aut
|9 241691
|
| 245 |
1 |
0 |
|a Siatie a hnojenie súčasne
|c Jozef Ďuďák
|
| 300 |
|
|
|b Fotogr., graf
|
| 650 |
0 |
7 |
|a sejačky
|x typy racionalizačné
|x osivá
|x hnojivá
|x výsev súčasný
|2 snkbucl
|9 1595476
|
| 650 |
0 |
7 |
|a Mistrál FD (sejačka)
|2 snkbucl
|9 1595544
|
| 650 |
0 |
7 |
|a osivo
|2 snkbucl
|9 18230
|
| 650 |
0 |
7 |
|a hnojivá
|2 snkbucl
|9 15432
|
| 655 |
|
7 |
|a články z novín a časopisov
|2 snkbucl
|9 267496
|
| 773 |
0 |
|
|t Slovenský chov
|g Roč. 4, č. 9 (1999)
|x 1335-1990
|
| 773 |
0 |
|
|t [Príl.] Moderná mechanizácia v poľnohospodárstve
|g S. 15
|x 1335-1990
|
| 850 |
|
|
|a Slovenská národná knižnica v Martine
|
| 852 |
|
|
|a SNK
|b KIS3GCP
|
| 992 |
|
|
|a RBX
|
| 999 |
|
|
|c 3278917
|d 3280847
|